000
00271nam a2200121 a 4500
008
100916s1977|||| d
100
1
_a
Jesenský, Janko
245
1
0
_a
Poézia
260
_b
Tatran
_a
Bratislava
_c
1977
044
_a
xo
_c
SK
041
_a
slo
020
_c
32,50
999
_c
10387
_d
10387